| 000 | 01180nam a2200265 4500 | ||
|---|---|---|---|
| 003 | NUST | ||
| 005 | 20260417130112.0 | ||
| 008 | 260417b |||||||| |||| 00| 0 eng d | ||
| 040 |
_aNUST _beng _cNUST _dNUST _erda |
||
| 050 | _aHD9715.Z55MPO | ||
| 100 |
_aMpofu, Laizah. _eAuthor. |
||
| 245 |
_aRecords Management at J R Goddard Contracting Company / _cby Laizah Mpofu. |
||
| 260 |
_aBulawayo, Zimbabwe : _bNational University of Science and Technology , _c©2021. |
||
| 300 |
_axv, 62 pages : _c31 cm. _bIllustrations ; |
||
| 336 |
_2rdacontent _atext _btxt |
||
| 337 |
_2rdamedia _aunmediated _bn |
||
| 338 |
_2rdacarrier _avolume _bnc |
||
| 500 | _aA research project submitted to the National University of Science and Technology in partial fulfilment of the Master of Science degree in Records and Archives Management. | ||
| 501 | _00(MSc in Records and Archives Management) National University of Science and Technology, 2021. | ||
| 504 | _aIncludes bibliographical references. | ||
| 650 |
_aRecords management _xCase studies. |
||
| 650 |
_aConstruction industry _zZimbabwe. |
||
| 700 |
_aDr Mehluli Masuku. _eSupervisor. |
||
| 942 |
_2lcc _n0 _c3HOUR _hHD9715.Z55MPO _kHD _mMPO |
||
| 999 |
_c172773 _d172773 |
||